South Eastern Kenya University

Library Online Public Access Catalogue


The neti pot for better health / (Record no. 14087)

MARC details
000 -LEADER
fixed length control field 01162cam a22003494a 4500
001 - CONTROL NUMBER
control field 14101156
003 - CONTROL NUMBER IDENTIFIER
control field OSt
005 - DATE AND TIME OF LATEST TRANSACTION
control field 20160517103100.0
008 - FIXED-LENGTH DATA ELEMENTS--GENERAL INFORMATION
fixed length control field 050908s2005 tnua b 001 0 eng
010 ## - LIBRARY OF CONGRESS CONTROL NUMBER
LC control number 2005026378
020 ## - INTERNATIONAL STANDARD BOOK NUMBER
International Standard Book Number 9781570671869
020 ## - INTERNATIONAL STANDARD BOOK NUMBER
International Standard Book Number 1570671869
040 ## - CATALOGING SOURCE
Original cataloging agency SEKU
042 ## - AUTHENTICATION CODE
Authentication code pcc
043 ## - GEOGRAPHIC AREA CODE
Geographic area code a-ii---
050 00 - LIBRARY OF CONGRESS CALL NUMBER
Classification number RF 354
Item number .J44 2005
100 1# - MAIN ENTRY--PERSONAL NAME
Personal name Jefferson, Warren,
Dates associated with a name 1943-
245 14 - TITLE STATEMENT
Title The neti pot for better health /
Statement of responsibility, etc. Warren Jefferson.
260 ## - PUBLICATION, DISTRIBUTION, ETC. (IMPRINT)
Place of publication, distribution, etc. Summertown, Tenn. :
Name of publisher, distributor, etc. Healthy Living Publications,
Date of publication, distribution, etc. c2005.
300 ## - PHYSICAL DESCRIPTION
Extent 95 p. :
Other physical details ill. ;
Dimensions 22 cm.
504 ## - BIBLIOGRAPHY, ETC. NOTE
Bibliography, etc Includes bibliographical references and index.
650 #0 - SUBJECT ADDED ENTRY--TOPICAL TERM
Topical term or geographic name as entry element Nose
General subdivision Care and hygiene.
650 #0 - SUBJECT ADDED ENTRY--TOPICAL TERM
Topical term or geographic name as entry element Nose
General subdivision Diseases
-- Alternative treatment.
650 #0 - SUBJECT ADDED ENTRY--TOPICAL TERM
Topical term or geographic name as entry element Sinusitis
General subdivision Alternative treatment.
650 #0 - SUBJECT ADDED ENTRY--TOPICAL TERM
Topical term or geographic name as entry element Hay fever
General subdivision Alternative treatment.
650 #0 - SUBJECT ADDED ENTRY--TOPICAL TERM
Topical term or geographic name as entry element Respiratory infections
General subdivision Alternative treatment.
650 #0 - SUBJECT ADDED ENTRY--TOPICAL TERM
Topical term or geographic name as entry element Respiratory allergy
General subdivision Alternative treatment.
650 #0 - SUBJECT ADDED ENTRY--TOPICAL TERM
Topical term or geographic name as entry element Traditional medicine
Geographic subdivision India.
650 #0 - SUBJECT ADDED ENTRY--TOPICAL TERM
Topical term or geographic name as entry element Self-help techniques.
856 41 - ELECTRONIC LOCATION AND ACCESS
Materials specified Table of contents
Uniform Resource Identifier <a href="http://www.loc.gov/catdir/toc/ecip0519/2005026378.html">http://www.loc.gov/catdir/toc/ecip0519/2005026378.html</a>
942 ## - ADDED ENTRY ELEMENTS (KOHA)
Source of classification or shelving scheme Library of Congress Classification
Koha item type General circulation
Holdings
Withdrawn status Lost status Source of classification or shelving scheme Damaged status Not for loan Home library Current library Shelving location Date acquired Source of acquisition Total Checkouts Full call number Barcode Date last seen Price effective from Koha item type Public note
    Library of Congress Classification     Main Campus Library Main Campus Library General Stacks 17/05/2016 Donation-books for Africa   RF 354 .J44 2005 2016/018117 17/05/2016 17/05/2016 General circulation A.K.
Kitui, Kenya.
+254736116989
library@seku.ac.ke